| 000 | 00386nam a2200157 4500 | ||
|---|---|---|---|
| 001 | 114224 | ||
| 003 | ES-MaACL | ||
| 005 | 20230906190114.0 | ||
| 007 | t| | ||
| 008 | 061121s1926 fr r ||||1| fre d | ||
| 100 | 1 |
_aNouvel, E. _986042 |
|
| 245 | 1 | 0 |
_aSobieski / _cpar E. Nouvel. |
| 260 |
_aRennes : _bF. Simon, _c1926. |
||
| 300 |
_a20 p. ; _c22 cm. |
||
| 852 |
_aES-MaACL _j1734-F-18 |
||
| 999 |
_c114224 _d114224 |
||